| 000 | 00737nam a22002177a 4500 | ||
|---|---|---|---|
| 005 | 2010072205365.0 | ||
| 010 | _aENG-97350 | ||
| 020 |
_c350.00 _a9788120339569 |
||
| 035 | _aEN-80883 | ||
| 037 | _bDBAD/PUB | ||
| 082 | _a535.84 | ||
| 100 |
_aThakur, S.N. _93425 |
||
| 245 |
_aAtom, laser and spectroscopy / _cby S.N. Thakur, D.K.Rai |
||
| 260 |
_aNew Delhi _bPHI Learning _c2010 |
||
| 270 |
_aM-97, Connaught Circus, _bNew Delhi _e110001 |
||
| 300 |
_avii, 359p. _c24cm (pbk) |
||
| 500 | _aIncludes index | ||
| 700 |
_92116 _aRai, D.K. |
||
| 942 |
_2ddc _cEN _mTHA _h535.84 |
||
| 999 |
_c38127 _d38127 |
||